00415nam a22001457a 4500003000400000008004100004020001800045082001400063100004200077245005700119250001400176260005600190300001000246650001300256OSt250403b |||||||| |||| 00| 0 eng d a9789357783576 a657.3 GOF aGOYAL, Bhushan Kumar and TIWARI, H.N. aFinancial Accounting Volume I : Text & Illustrations a12th. ed. aNew Delhi,bTaxmann's Publications Pvt. Ltd.c2024, aMISC. aCommerce